00430nam a2200145 i 450000100060000000300090000600700030001500800410001811000140005924000270007324500530010026000510015330000240020485200560022832107ES-MaACLt|030221s1906 ho ||||1| spa d2 aHonduras.10aLey de amparo (d1906)10aLey de amparo, 1906 / cRepública de Honduras. aTegucigalpa : bTipografía Nacional, c1906. aIV, 9 p. ; c27 cm. aES-MaACLjG-3332 q. - Encuadernado con otras obras